| 000 | 00450nam a2200145Ia 4500 | ||
|---|---|---|---|
| 008 | 221007s9999 xx 000 0 und d | ||
| 041 | _aeng | ||
| 082 | _bYOG | ||
| 100 |
_aYogini Bhagwat - 2k161069; Prof.Ranjana Gogate - Guide & Mhetre Food Pvt. Ltd. _9105074 |
||
| 245 | 2 | _aA Study On Financial Ratio Analysis And Cash Flow Statement | |
| 260 |
_c2016 _bSavitribai Phule Pune University _aPune |
||
| 300 | _a60p | ||
| 440 | _v1 | ||
| 906 | _bGeneral | ||
| 999 |
_c79974 _d79974 |
||